Most Spoken Languages A-Z - Statistics

General Stats
  • This quiz has been taken 96 times
    69 since last reset
  • The average score is 17 of 26
Answer Stats
Hint Answer % Correct
A Arabic
95%
F French
95%
E English
92%
S Spanish
88%
J Japanese
86%
G German
85%
R Russian
83%
H Hindi
81%
P Portuguese
81%
M Mandarin
80%
V Vietnamese
78%
B Bengali
76%
D Dutch
75%
I Italian
68%
K Korean
68%
C Cantonese
61%
U Urdu
61%
L Lao
56%
N Nepali
42%
W Wu
42%
Y Yoruba
42%
Q Quechua
39%
O Oriya
29%
T Telugu
29%
X Xiang
17%
Z Zhuang
10%
No matching quizzes found
Score Distribution
Percent of People with Each Score
Percentile by Number Answered
Your Score History
You have not taken this quiz since the last reset